El cemí y el fuego : (Registro nro. 7256)
[ vista simple ]
| 000 -LIDER | |
|---|---|
| fixed length control field | 00862nam a2200277 a 4500 |
| 001 - NÚMERO DE CONTROL | |
| Identificador de número de control | 000044139 |
| 003 - IDENTIFICACDOR DE NÚMERO DE CONTROL | |
| control field | DO-SdBNP |
| 005 - DATE AND TIME OF LATEST TRANSACTION | |
| control field | 20260528135336.0 |
| 007 - CAMPOS FIJOS DE DESCRIPCIÓN FÍSICA | |
| fixed length control field | 000044139 |
| 008 - ELEMENTOS DE LONGITUD FIJA | |
| fixed length control field | 140602s2011 dr a 000 0 spa d |
| 020 ## - ISBN | |
| International Standard Book Number | 9789945429343 |
| 040 ## - FUENTE DE CATALOGACIÓN | |
| Agencia que crea de manera original el registro | BPMSU |
| Idioma de catalogación | spa |
| Agencia que realiza la transcripción | BPMSU |
| 082 #4 - NÚMERO DE CLASIFICACIÓN DECIMAL DE DEWEY | |
| Classification number | 398.293 |
| Item number | S211c 2011 |
| Edition number | 22 |
| 100 1# - ASIENTO PRINCIPAL -- NOMBRE PERSONAL | |
| Nombre personal | Sánchez Beras, César |
| 245 13 - MENCIÓN DE TITULO | |
| Título | El cemí y el fuego : |
| Subtítulo | (leyendas taínas) / |
| Mención de responsabilidad | César Sánchez Beras ; ilustraciones Rafael Hutchinson. |
| 260 ## - PUBLICACIÓN, DISTRIBUCIÓN, ETC. (PIE DE IMPRENTA) | |
| Lugar de publicación, distribución, etc | Santo Domingo : |
| Nombre del editor, distribuidor, etc. | Afaguara Infantil, |
| Fecha de publicación, distribución, etc | 2011. |
| 300 ## - DESCRIPCIÓN FÍSICA | |
| Extensión | 61 p. : |
| Otros detalles físicos | il. ; |
| Dimensiones | 21 cm. |
| 490 0# - MENCIÓN DE SERIES | |
| Mención de serie | Afaguara infantil |
| 590 ## - NOTA LOCAL | |
| Enlace | Inventariado, 2023/VM |
| 650 #4 - ENCABEZAMIENTO DE MATERIA--TEMÁTICO | |
| Término temático o nombre geográfico como elemento de entrada | Leyendas dominicanas |
| Fuente del encabezamiento o término | |
| 650 #4 - ENCABEZAMIENTO DE MATERIA--TEMÁTICO | |
| Término temático o nombre geográfico como elemento de entrada | Leyendas tainas |
| 650 #4 - ENCABEZAMIENTO DE MATERIA--TEMÁTICO | |
| Término temático o nombre geográfico como elemento de entrada | Literatura infantil dominicana |
| 700 1# - ASIENTO SECUNDARIO -- NOMBRE PERSONAL | |
| Nombre personal | Hutchinson, Rafael |
| Mención de responsabilidad | il. |
| 910 ## - VALIDACIÓN | |
| Validación | VMateo V. Control de calidad (BPMSU) |
| 942 ## - ADDED ENTRY ELEMENTS (KOHA) | |
| Source of classification or shelving scheme | Dewey Decimal Classification |
| Koha item type | Libros |
| Withdrawn status | Lost status | Source of classification or shelving scheme | Damaged status | Not for loan | Collection code | Home library | Current library | Date acquired | Source of acquisition | Full call number | Barcode | Date last seen | Copy number | Price effective from | Koha item type |
|---|---|---|---|---|---|---|---|---|---|---|---|---|---|---|---|
| Dewey Decimal Classification | Colección Infantil Dominicana | Biblioteca Pública Metropolitana Salomé Ureña | Biblioteca Pública Metropolitana Salomé Ureña | 01/28/2015 | Alfaguara | BPMSU CDI 398.293 S211c 2011 | BPMSU15040829 | 01/28/2015 | 01/28/2015 | Libros | |||||
| Dewey Decimal Classification | Colección Infantil Dominicana | Biblioteca Pública Metropolitana Salomé Ureña | Biblioteca Pública Metropolitana Salomé Ureña | 01/28/2015 | Alfaguara | BPMSU CDI 398.293 S211c 2011 | BPMSU15040830 | 01/28/2015 | e.2 | 01/28/2015 | Libros | ||||
| Dewey Decimal Classification | Colección Infantil Dominicana | Biblioteca Pública Metropolitana Salomé Ureña | Biblioteca Pública Metropolitana Salomé Ureña | 01/28/2015 | BPMSU CDI 398.293 S211c 2011 | BPMSU15040831 | 01/28/2015 | e.3 | 01/28/2015 | Libros |